|
|
|
|
| LEADER |
01734nam a2200433 a 4500 |
| 001 |
000134424 |
| 003 |
CZ BrMZK |
| 005 |
20210330092527.0 |
| 007 |
ta |
| 008 |
960815s1997 xr e c 0 cze d |
| 015 |
|
|
|a cnb000209828
|
| 020 |
|
|
|a 80-7035-185-3
|q (Národní galerie ;
|q v knize neuvedeno ;
|q brož.)
|z 80-902151-2-2
|
| 040 |
|
|
|a BOA001
|b cze
|
| 043 |
|
|
|a e-xr---
|b e-xr-pg
|2 czenas
|
| 045 |
|
|
|a r4v8
|
| 072 |
|
7 |
|a 75
|x Malířství
|2 Konspekt
|9 21
|
| 080 |
|
|
|a 75(437.3)
|2 MRF
|
| 080 |
|
|
|a 334.782:75
|2 MRF
|
| 080 |
|
|
|a 75(091)
|2 MRF
|
| 080 |
|
|
|a (437.311)
|2 MRF
|
| 080 |
|
|
|a (083.824)
|2 MRF
|
| 245 |
0 |
0 |
|a Umění a mistrovství :
|b pražská malířská bratrstva 1348-1783 : [katalog] /
|c [Martin Halata ... [et al.]] ; Tomáš Sekyra (ed.)
|
| 250 |
|
|
|a Vyd. 1.
|
| 260 |
|
|
|a Praha :
|b Scriptorium,
|c 1997
|
| 300 |
|
|
|a 116 s. :
|b il. (některé barev.) ;
|c 22 cm
|
| 500 |
|
|
|a Souhrn něm. - Bibliogr.
|
| 648 |
|
4 |
|a 1348-1783
|
| 648 |
|
7 |
|a 14.-18. století
|7 ch757049
|2 czenas
|
| 650 |
0 |
7 |
|a české malířství
|y 14.-18. století
|7 ph116864
|2 czenas
|
| 650 |
0 |
7 |
|a malířské cechy
|z Česko
|y 14.-18. století
|7 ph122598
|2 czenas
|
| 650 |
0 |
7 |
|a dějiny malířství
|z Česko
|y 14.-18. století
|7 ph521126
|2 czenas
|
| 651 |
|
7 |
|a Praha (Česko)
|7 ge118011
|2 czenas
|
| 655 |
|
7 |
|a katalogy výstav
|7 fd132536
|2 czenas
|
| 700 |
1 |
|
|a Sekyrka, Tomáš,
|d 1966-
|7 ola2003201069
|4 edt
|4 aut
|
| 700 |
1 |
|
|a Halata, Martin,
|d 1965-
|7 ola2003200965
|4 aut
|
| 856 |
4 |
1 |
|u http://www.digitalniknihovna.cz/mzk/uuid/uuid:a1e57d90-4575-11e5-8851-005056827e51
|y Digitalizovaný dokument
|x NDK
|
| 910 |
|
|
|a BOA001
|b 2-1033.140
|
| 990 |
|
|
|a BK
|
| 996 |
6 |
|
|b 2610052669
|c 2-1033.140
|l MZK
|r Sklad / do 1 hodiny
|n 16
|p p.v.
|w 000134424
|u 000010
|a 1
|e BOA001
|j MZK50
|s P
|